Visual FoxPro 6.0

Bibliographic Details
Main Author: Tiznado Santana, Marco Antonio
Format: Section = Libro
Language:Undetermined
Spanish
Published: Bogota - Colombia México 2001
Subjects:
LEADER 00584nam a2200205Ia 4500
008 240830s9999 xx 000 0 und d
020 |a 958-41-0103-X 
040 |a B-ESTELÍ- RUACS / 005.13 T625 
041 |a spa 
082 |a 005.13 T625  
100 1 |a Tiznado Santana, Marco Antonio 
245 1 0 |a Visual FoxPro 6.0 
260 |a Bogota - Colombia  |b México  |c 2001 
300 |a 244 p. :il 
650 7 |a PROGRAMAS ESPECIFICOS - CRISTAL REPORTS 
650 7 |b  GRAFICAS - TRIDIMENSIONALES 
650 7 |c  BASES DE DATOS - CRISTAL REPOORTS 
942 |c BK  |2 ddc 
991 |a TEXTO 
999 |c 10564